000
00282nam a22001217a 4500
999
_c
532956
_d
532956
003
NUST
038
_a
M.Ramzan
082
_a
891.4393
_b
NAS
245
_a
Aor talwar toot gae /
_c
Naseem Hijazi
260
_a
Lahore
_b
Jahangir Books
_c
[N.D]
300
_a
575p.
_c
25 cm.
942
_2
ddc
_c
BK